000 00939nam2a22002291 4500
001 v19\rc\2008980
005 20250620001333.0
035 _a(NLR Aleph) 005091047
090 _a7297470
_c7297470
100 _a20080925d1902 |||y0rusy50 ca
101 0 _arus
102 _aRU
105 _ay z |||||
200 0 _a5-й... за 1901-1902 год
210 _dценз. 1902
_aБ. м.
215 _a14 с.
461 0 _1001v19\rc\2008977
_12001#$aОтчет Музея гигиены и санитарной техники в Москве...$v5-й... за 1901-1902 год
_97297443
_aМузей гигиены и санитарной техники (Москва)
_cМосква
_d1900-1910
_tОтчет Музея гигиены и санитарной техники в Москве...
_v5-й... за 1901-1902 год
801 0 _aRU
_bNLR
_gpsbo
801 1 _aRU
_bProSoft-M
_2rusmarc
852 _aNLR
_j19.117.6.98
942 _cBOOK
980 _aNB